Hạt giống tâm hồn = Chicken soup for the soul (Dành cho Sinh viên học sinh)
Spremljeno u:
| Glavni autor: | |
|---|---|
| Format: | Knjiga |
| Jezik: | Undetermined |
| Izdano: |
Thành phố Hồ Chí Minh
Văn hóa Sài Gòn
2007
|
| Teme: | |
| Oznake: |
Dodaj oznaku
Bez oznaka, Budi prvi tko označuje ovaj zapis!
|
| Thư viện lưu trữ: | Trung tâm Học liệu Trường Đại học Cần Thơ |
|---|
| LEADER | 00623nam a2200205Ia 4500 | ||
|---|---|---|---|
| 001 | CTU_123808 | ||
| 008 | 210402s9999 xx 000 0 und d | ||
| 020 | |c 20000 | ||
| 082 | |a 158.128 | ||
| 082 | |b C222 | ||
| 100 | |a Canfield, Jack | ||
| 245 | 0 | |a Hạt giống tâm hồn = | |
| 245 | 0 | |b Chicken soup for the soul (Dành cho Sinh viên học sinh) | |
| 245 | 0 | |c Jack Canfield, Mark Victor Hansen | |
| 260 | |a Thành phố Hồ Chí Minh | ||
| 260 | |b Văn hóa Sài Gòn | ||
| 260 | |c 2007 | ||
| 650 | |a Spiritual life. | ||
| 904 | |i Minh | ||
| 980 | |a Trung tâm Học liệu Trường Đại học Cần Thơ | ||